00856nam a2200229 i 4500001000700000003000900007005001700016007000300033008004100036100003200077245013600109260003400245300003000279650002300309700003300332700002700365700003200392700002900424852003200453999001900485952012200504127300ES-MaACL20250728105513.0t|070214s1970 sp r ||||1| spa d1 aRhodes, Franck H. T.99665910aFósiles / cFranck H. T. Rhodes, H. S. Zim, P. K. Shaffer ; traducción de Rafael Candel Vila, ilustraciones de Raymond Perlman. aBarcelona : bDaimon, c1970. a160 p. : bil. ; c16 cm. 4aFósiles.91361521 aZim, Herbert Spencer91182571 aShaffer, P. K.91059801 aCandel Vila, Rafael.9344511 aPerlman, Raymond.991291 aES-MaACLjC-42127 bR.76392 c127300d127300 00104070aATENEOMbATENEOMcDEPO2d2008-01-17eSCl0oC-42127p1132592r2023-02-23 00:00:00w2023-02-23yMONOGRAFIA